Barcelona y su Exposición Internacional : Mayo - diciembre, 1929 Mayo - diciembre, 1929
Descripción Física:
1 desplegable ; 23 cm
MARC
| LEADER | 00000nam a2200000Ia 4500 | ||
|---|---|---|---|
| 001 | 8273 | ||
| 008 | 160829s9999 xx 000 0 cat d | ||
| 080 | |a RF-6-15 | ||
| 111 | 2 | |a Exposició Internacional de Barcelona |d (1929-1930 : |c Barcelona, Catalunya) |9 55060 | |
| 245 | |a Barcelona y su Exposición Internacional : |b Mayo - diciembre, 1929 | ||
| 260 | |a Barcelona : |b Oficina de Información y Alojamiento de la Exposición, [1929?] | ||
| 300 | |a 1 desplegable ; |c 23 cm | ||
| 590 | |a Prové de 4257, exp. 6 | ||
| 611 | 2 | 0 | |a Exposició Internacional de Barcelona |d (1929-1930 : |c Barcelona, Catalunya) |9 55060 |
| 856 | 4 | |u https://media.diba.cat/diba/fitxers/arxiu/fulletons/bib_8273_1929_baixa.pdf |y Accés lliure | |
| 856 | 4 | |u https://media.diba.cat/diba/fitxers/arxiu/fulletons/bib_8273_1929_baixa.pdf |y Accés lliure | |
| 901 | |a Arxiu | ||
| 942 | |n 1 |2 udc | ||
| 952 | |0 0 |1 0 |4 0 |6 RF615 |7 1 |9 53378 |a Arxiu |b Arxiu |d 2016-12-01 |l 0 |o RF-6-15 |p 8273 |r 2016-12-01 00:00:00 |w 2016-12-01 |y ARXIU | ||
| 999 | |c 57243 |d 57243 | ||
| 900 | |a bib_8273_1929_baixa.pdf | ||